Феномен гендиадиса в аспекте вербоцентристской теории; Методика преподавания иностранных языков и РКИ: традиции и инновации

Détails bibliographiques
Parent link:Методика преподавания иностранных языков и РКИ: традиции и инновации.— 2023.— С. 216-218
Auteur principal: Макаровских А. В. Александра Викторовна
Résumé:Заглавие с экрана
Текстовый файл
Langue:russe
Publié: 2023
Sujets:
Accès en ligne:https://www.elibrary.ru/item.asp?id=54059624
https://pureportal.spbu.ru/files/105320527/_23.pdf?ysclid=mba8bi932u183352612#page=215
Format: Électronique Chapitre de livre
KOHA link:https://koha.lib.tpu.ru/cgi-bin/koha/opac-detail.pl?biblionumber=680394

MARC

LEADER 00000naa0a2200000 4500
001 680394
005 20250530102924.0
090 |a 680394 
100 |a 20250530d2023 k||y0rusy50 ca 
101 0 |a rus 
102 |a RU 
135 |a drcn ---uucaa 
181 0 |a i   |b  e  
182 0 |a b 
183 0 |a cr  |2 RDAcarrier 
200 1 |a Феномен гендиадиса в аспекте вербоцентристской теории  |f Макаровских А. В. 
203 |a Текст  |c электронный  |b визуальный 
283 |a online_resource  |2 RDAcarrier 
300 |a Заглавие с экрана 
320 |a Список литературы: 8 назв 
336 |a Текстовый файл 
463 1 |t Методика преподавания иностранных языков и РКИ: традиции и инновации  |o сборник научных трудов VIII Международной научно-методической онлайн-конференции, посвященной Году педагога и наставника в России и Году русского языка в странах СНГ, Курск, 11 апреля 2023  |f Курский государственный медицинский университет  |c Курск  |n КГМУ  |d 2023  |v С. 216-218  |y 978-5-7487-3021-1 
610 1 |a труды учёных ТПУ 
610 1 |a электронный ресурс 
700 1 |a Макаровских  |b А. В.  |c лингвист  |c старший преподаватель Томского политехнического университета  |f 1983-  |g Александра Викторовна  |9 13556 
801 0 |a RU  |b 63413507  |c 20250521  |g RCR 
850 |a 63413507 
856 4 |u https://www.elibrary.ru/item.asp?id=54059624  |z https://www.elibrary.ru/item.asp?id=54059624 
856 4 |u https://pureportal.spbu.ru/files/105320527/_23.pdf?ysclid=mba8bi932u183352612#page=215  |z https://pureportal.spbu.ru/files/105320527/_23.pdf?ysclid=mba8bi932u183352612#page=215 
942 |c CF